00495pam a2200145 a 450008200310000010000160003124500560004726000500010330000290015352600370018265000080021965000130022765000430024085600660028300a620.112bSARcL-39, P-167.1 aSarkar .b.k10astrength of materials through problemscB.k. sarkar aNew dehlibAllied publishers limited.cc1997. a591 p. :bill. ;c28 cm. a0b0c0d620_112000000000000_SAR 0aMCE 0aStatics. 0astrength of materials through problems41uhttp://www.loc.gov/catdir/enhancements/fy0637/82011878-t.html